El episcopado mexicano, galería biográfica, ilustrada de los illmos. señores arzobispos de México desde la época colonial hasta...

Detalles Bibliográficos
Autor principal: SOSA, Francisco
Formato: Libro
Publicado: México 1871
Materias:
Colección:Banco de datos
Acervo:Biblioteca del Ex Convento de Nuestra Señora de Guadalupe. Zacatecas
Tema general:Historia Eclesiástica
Notas:Buena. V,5,3(1487). La guarda anterior presenta un ex libris impreso del encuadernador Severo Moreno, Zac. Sin marca de fuego
LEADER 00905nam a22001930004500
035 |a 41124 
036 |a 2308 
100 1 |a SOSA, Francisco 
245 1 0 |a El episcopado mexicano, galería biográfica, ilustrada de los illmos. señores arzobispos de México desde la época colonial hasta... 
260 |a México  |b eds. Hesiquio Iriarte y Santiago Hernández, imp. Jens y Sapiain  |c 1871 
500 |a Buena. V,5,3(1487). La guarda anterior presenta un ex libris impreso del encuadernador Severo Moreno, Zac. Sin marca de fuego 
650 1 0 |a Historia Eclesiástica 
949 |a CRZ-CG 
959 |a Ex convento de Nuestra Señora de Guadalupe, Museo Regional de Zacatecas, Zacatecas  |b CCC4 
960 |a Convento de Nuestra Señora de Guadalupe, Zacatecas  |b DD87 
961 |a Franciscana  |b OF 
942 |c CRZ-CG 
943 |g Biblioteca del Ex Convento de Nuestra Señora de Guadalupe. Zacatecas 
999 |c 965251  |d 965251